[Event "43. Olimpiada Batumi 2018 Femenina"]
[Site "Batumi GEO"]
[Date "2018.10.01"]
[Round "7.2"]
[White "Nakabo, Peninah"]
[Black "Avalos, Leticia"]
[Result "0-1"]
[WhiteElo "1581"]
[BlackElo "1704"]
[PlyCount "70"]
[EventDate "2018.09.24"]
[EventType "team-swiss"]
[EventRounds "11"]
[EventCountry "GEO"]
[SourceTitle "Ajedrez en Madrid"]
[Source "lmi"]
[SourceDate "2018.09.24"]
[WhiteTeam "Uganda"]
[BlackTeam "Paraguay"]
[WhiteTeamCountry "UGA"]
[BlackTeamCountry "PAR"]

1. e4 e6 2. Nf3 d5 3. e5 c5 4. b4 b6 5. b5 a6 6. c3 axb5 7. Bxb5+ Bd7 8. Bd3
Ne7 9. O-O Ng6 10. Bc2 Nc6 11. Re1 Qc7 12. Bxg6 hxg6 13. d3 Be7 14. Bf4 Ra6 15.
Nbd2 Qa7 16. Qc2 O-O 17. Nb3 Ra8 18. Nc1 b5 19. g4 Ra4 20. Qd2 d4 21. Re4 dxc3
22. Qxc3 Rxe4 23. dxe4 Qa4 24. Qd3 Rd8 25. Qe2 c4 26. Be3 Bc8 27. Kg2 Bb7 28.
Bb6 Rd7 29. Rb1 Nb4 30. Kg3 Nd3 31. Nxd3 cxd3 32. Qe3 Bxe4 33. Bd4 Bxf3 34.
Kxf3 Qxd4 35. Rxb5 d2 0-1

[Event "43. Olimpiada Batumi 2018 Femenina"]
[Site "Batumi GEO"]
[Date "2018.10.01"]
[Round "7.3"]
[White "Martinez Ramirez, Anahi"]
[Black "Nansubuga, Gloria"]
[Result "1-0"]
[WhiteElo "1510"]
[BlackElo "1415"]
[PlyCount "79"]
[EventDate "2018.09.24"]
[EventType "team-swiss"]
[EventRounds "11"]
[EventCountry "GEO"]
[SourceTitle "Ajedrez en Madrid"]
[Source "lmi"]
[SourceDate "2018.09.24"]
[WhiteTeam "Paraguay"]
[BlackTeam "Uganda"]
[WhiteTeamCountry "PAR"]
[BlackTeamCountry "UGA"]

1. e4 e6 2. d4 d5 3. e5 c5 4. c3 Nc6 5. Nf3 Qb6 6. Bd3 Bd7 7. Bc2 cxd4 8. cxd4
Bb4+ 9. Nc3 Bxc3+ 10. bxc3 Nge7 11. Bd2 O-O 12. O-O Na5 13. Bg5 Nf5 14. g4 h6
15. gxf5 hxg5 16. Nxg5 exf5 17. Kh1 Qh6 18. Rg1 Rac8 19. Qf3 g6 20. Rg3 Nc4 21.
Qf4 f6 22. exf6 Rxf6 23. Rh3 Qg7 24. Rh7 Qxh7 25. Nxh7 Kxh7 26. Re1 Kg7 27. Bb3
Nb6 28. Re7+ Rf7 29. Qe5+ Kg8 30. Rxf7 Kxf7 31. Bxd5+ Nxd5 32. Qxd5+ Ke8 33.
Qe5+ Kf7 34. Qd5+ Ke8 35. Qg8+ Ke7 36. Qg7+ Kd8 37. d5 Kc7 38. Qxg6 Re8 39.
Qg3+ Kc8 40. Qd3 1-0

[Event "43. Olimpiada Batumi 2018 Femenina"]
[Site "Batumi GEO"]
[Date "2018.10.01"]
[Round "7.4"]
[White "Ampaire, Shakira"]
[Black "Carreras Colman, Luz Gabriela"]
[Result "1/2-1/2"]
[WhiteElo "1512"]
[BlackElo "1397"]
[PlyCount "148"]
[EventDate "2018.09.24"]
[EventType "team-swiss"]
[EventRounds "11"]
[EventCountry "GEO"]
[SourceTitle "Ajedrez en Madrid"]
[Source "lmi"]
[SourceDate "2018.09.24"]
[WhiteTeam "Uganda"]
[BlackTeam "Paraguay"]
[WhiteTeamCountry "UGA"]
[BlackTeamCountry "PAR"]

1. d4 d5 2. c4 e6 3. Nf3 Nf6 4. Nc3 c5 5. Bg5 Be7 6. dxc5 Bxc5 7. cxd5 Bb4 8.
Qa4+ Qd7 9. Qxb4 Nxd5 10. Nxd5 exd5 11. e4 Nc6 12. Qc3 d4 13. Nxd4 Qxd4 14. Bb5
Qxe4+ 15. Be3 O-O 16. Bxc6 Qxc6 17. Qxc6 bxc6 18. O-O a5 19. Rac1 Ra6 20. a4
Be6 21. Rc5 Bb3 22. Ra1 Rd8 23. Rcc1 Bd5 24. Rd1 Rb8 25. Bd4 h6 26. Bc3 Kh7 27.
Rd4 Re8 28. Re1 Rxe1+ 29. Bxe1 g6 30. f4 h5 31. Kf2 f6 32. g3 Kg7 33. Bc3 Kf7
34. b4 axb4 35. Rxb4 c5 36. Rb5 Rxa4 37. Rxc5 Ke6 38. Bxf6 Ra2+ 39. Ke3 Rxh2
40. Bh4 Ra2 41. Rc8 Ra3+ 42. Kd4 Ra4+ 43. Kc3 Ra7 44. Re8+ Kf7 45. Re5 Be6 46.
Rc5 Bf5 47. Kd4 Ra4+ 48. Ke5 Re4+ 49. Kd5 Ra4 50. Rc7+ Kf8 51. Ke5 Re4+ 52. Kf6
Re6+ 53. Kg5 Re7 54. Rc6 Kg7 55. Rc5 Rf7 56. Ra5 Rf8 57. Ra6 Rf7 58. Ra8 Kh7
59. Ra1 Kg7 60. Re1 Kh7 61. Re5 Kg7 62. Rd5 Be6 63. Rc5 Rf5+ 64. Rxf5 Bxf5 65.
g4 Bxg4 66. Bf2 Kf7 67. Be1 Bf5 68. Bf2 Ke6 69. Bb6 Kd5 70. Bd8 Ke4 71. Bc7 Kf3
72. Kh4 Ke4 73. Kg5 Kf3 74. Kh4 Ke4 1/2-1/2

[Event "43. Olimpiada Batumi 2018 Femenina"]
[Site "Batumi GEO"]
[Date "2018.10.01"]
[Round "7.1"]
[White "Mirza, Diana"]
[Black "Botlhole, Kgalalelo"]
[Result "1-0"]
[WhiteElo "1960"]
[BlackElo "1719"]
[PlyCount "72"]
[EventDate "2018.09.24"]
[EventType "team-swiss"]
[EventRounds "11"]
[EventCountry "GEO"]
[SourceTitle "Ajedrez en Madrid"]
[Source "lmi"]
[SourceDate "2018.09.24"]
[WhiteTeam "Ireland"]
[BlackTeam "Botswana"]
[WhiteTeamCountry "IRL"]
[BlackTeamCountry "BOT"]

1. d4 d5 2. Nf3 Nf6 3. e3 Bf5 4. c4 c6 5. Be2 e6 6. Nbd2 Bd6 7. Nh4 Nbd7 8.
Nxf5 exf5 9. cxd5 Nxd5 10. Nc4 Bc7 11. g3 O-O 12. O-O N7f6 13. Qc2 g6 14. Bf3
Re8 15. Bg2 Qe7 16. b3 Ne4 17. Bb2 Rad8 18. a3 h5 19. Ne5 Ndf6 20. Rad1 Nd5 21.
Bxe4 fxe4 22. Qxe4 Nf6 23. Qg2 Bxe5 24. dxe5 Ng4 25. Rxd8 Rxd8 26. Qe4 Rd2 27.
Bc3 Rd5 28. h3 Nxe5 29. f4 f5 30. Qc2 Nf7 31. Re1 Qd7 32. Ba1 Rd2 33. Qc3 Kf8
34. Qg7+ Ke7 35. Bf6+ Kd6 36. Bc3 Rd1 1-0

[Event "43. Olimpiada Batumi 2018 Femenina"]
[Site "Batumi GEO"]
[Date "2018.10.01"]
[Round "7.2"]
[White "Ndachipiwa, Kgomotso"]
[Black "Plaza Reino, Mercedes"]
[Result "0-1"]
[WhiteElo "1611"]
[BlackElo "1727"]
[PlyCount "82"]
[EventDate "2018.09.24"]
[EventType "team-swiss"]
[EventRounds "11"]
[EventCountry "GEO"]
[SourceTitle "Ajedrez en Madrid"]
[Source "lmi"]
[SourceDate "2018.09.24"]
[WhiteTeam "Botswana"]
[BlackTeam "Ireland"]
[WhiteTeamCountry "BOT"]
[BlackTeamCountry "IRL"]

1. d4 d5 2. Bf4 Nf6 3. e3 c5 4. c3 Qb6 5. dxc5 Qxb2 6. Nd2 Qxc3 7. Rc1 Qa5 8.
Qb3 Nc6 9. Bb5 Bd7 10. Ngf3 e6 11. O-O Be7 12. Rfd1 O-O 13. a3 Nh5 14. Bd6 Bxd6
15. cxd6 Nf6 16. Bd3 Rab8 17. e4 dxe4 18. Nxe4 Nxe4 19. Bxe4 Rfd8 20. Qd3 h6
21. Qe3 Rbc8 22. Rc5 Qa6 23. Bd3 Qa4 24. Rc4 Qa5 25. Rg4 Qh5 26. Qe4 f5 27.
Rxg7+ Kxg7 28. Qe3 Qg6 29. Bb5 Kh7 30. g3 a6 31. Bxc6 Bxc6 32. Ne5 Qf6 33. Nxc6
Rxc6 34. Qb3 Qf7 35. Qb4 Rd7 36. Kg2 Qf8 37. h4 Rcxd6 38. Rc1 Qf6 39. Rc8 Qd4
40. Qe1 Qe4+ 41. Qxe4 fxe4 0-1

[Event "43. Olimpiada Batumi 2018 Femenina"]
[Site "Batumi GEO"]
[Date "2018.10.01"]
[Round "7.3"]
[White "Ui Laighleis, Gearoidin"]
[Black "Besa, Masaiti"]
[Result "1/2-1/2"]
[WhiteElo "1791"]
[BlackElo "1777"]
[PlyCount "100"]
[EventDate "2018.09.24"]
[EventType "team-swiss"]
[EventRounds "11"]
[EventCountry "GEO"]
[SourceTitle "Ajedrez en Madrid"]
[Source "lmi"]
[SourceDate "2018.09.24"]
[WhiteTeam "Ireland"]
[BlackTeam "Botswana"]
[WhiteTeamCountry "IRL"]
[BlackTeamCountry "BOT"]

1. d4 Nf6 2. Nf3 g6 3. c4 Bg7 4. e3 d6 5. Be2 Nbd7 6. O-O O-O 7. Nc3 e5 8. dxe5
Nxe5 9. Nxe5 dxe5 10. e4 c6 11. Qxd8 Rxd8 12. Bg5 Be6 13. Rad1 Kf8 14. f4 Rxd1
15. Rxd1 exf4 16. Bxf4 Ke8 17. h3 Rd8 18. Rxd8+ Kxd8 19. Bg5 h6 20. Bh4 Kc8 21.
Bf2 a6 22. Bd3 Nd7 23. Na4 b5 24. cxb5 axb5 25. Nc3 Bxc3 26. bxc3 Bxa2 27. Bd4
Kd8 28. g4 Ke7 29. Kf2 Ke6 30. Bg7 Nc5 31. Bc2 Na4 32. Ke3 c5 33. Kd2 Nb6 34.
Bxh6 Ke5 35. Ke3 Nc4+ 36. Kd3 b4 37. cxb4 cxb4 38. h4 b3 39. Bxb3 Bxb3 40. h5
Nb6 41. Bg7+ f6 42. h6 Bg8 43. g5 Nd7 44. Ke3 Ke6 45. Kf4 fxg5+ 46. Kxg5 Bh7
47. Ba1 Ne5 48. Kf4 Nf7 49. Bg7 Ke7 50. Kg4 Ke6 1/2-1/2

[Event "43. Olimpiada Batumi 2018 Femenina"]
[Site "Batumi GEO"]
[Date "2018.10.01"]
[Round "7.4"]
[White "Radikoro, Boitumelo"]
[Black "Ni Mhuireagain, Eibhia"]
[Result "1-0"]
[WhiteElo "1593"]
[BlackElo "1655"]
[PlyCount "107"]
[EventDate "2018.09.24"]
[EventType "team-swiss"]
[EventRounds "11"]
[EventCountry "GEO"]
[SourceTitle "Ajedrez en Madrid"]
[Source "lmi"]
[SourceDate "2018.09.24"]
[WhiteTeam "Botswana"]
[BlackTeam "Ireland"]
[WhiteTeamCountry "BOT"]
[BlackTeamCountry "IRL"]

1. d4 Nf6 2. Bf4 g6 3. e3 Bg7 4. Nf3 d6 5. h3 O-O 6. c4 c6 7. Qb3 Nbd7 8. Nc3
Nh5 9. Bh2 Qb6 10. Be2 Nhf6 11. O-O Re8 12. Rfe1 e5 13. dxe5 dxe5 14. Rad1 Qxb3
15. axb3 a5 16. Ra1 e4 17. Nd2 Nc5 18. b4 Na6 19. bxa5 Nb4 20. Red1 Bf5 21. Nb3
Nd7 22. Bd6 Bf8 23. Bxf8 Nxf8 24. Nc5 Re7 25. g4 Be6 26. N3xe4 f5 27. Nxe6 Rxe6
28. Nc5 Re7 29. Ra4 Na6 30. Nxa6 Rxa6 31. c5 Ra8 32. a6 bxa6 33. Rxa6 Rxa6 34.
Bxa6 Ra7 35. Bc4+ Kg7 36. Rd6 fxg4 37. hxg4 Rb7 38. b3 Rc7 39. b4 Rb7 40. Rxc6
Rxb4 41. Be2 Kf7 42. Rd6 Ke7 43. Rb6 Re4 44. Bf3 Rc4 45. Rb7+ Kd8 46. c6 Kc8
47. Re7 Kd8 48. Ra7 h6 49. Rg7 Rc5 50. Kg2 h5 51. gxh5 gxh5 52. Rg8 Ke7 53. Rh8
Ne6 54. Rxh5 1-0

[Event "43. Olimpiada Batumi 2018 Femenina"]
[Site "Batumi GEO"]
[Date "2018.10.01"]
[Round "7.1"]
[White "Hernandez Bonilla, Amelia"]
[Black "Vilhete, Vania Fausto Da T"]
[Result "1/2-1/2"]
[WhiteElo "2044"]
[BlackElo "1752"]
[PlyCount "114"]
[EventDate "2018.09.24"]
[EventType "team-swiss"]
[EventRounds "11"]
[EventCountry "GEO"]
[SourceTitle "Ajedrez en Madrid"]
[Source "lmi"]
[SourceDate "2018.09.24"]
[WhiteTeam "Venezuela"]
[BlackTeam "Mozambique"]
[WhiteTeamCountry "VEN"]
[BlackTeamCountry "MOZ"]

1. d4 d5 2. Nf3 e6 3. e3 Nf6 4. Bd3 c5 5. c3 Bd6 6. Nbd2 Nc6 7. O-O O-O 8. Qe2
e5 9. dxc5 Bxc5 10. e4 Bg4 11. Rd1 d4 12. Nb3 Bb6 13. Bb5 Qc7 14. h3 Bxf3 15.
Qxf3 dxc3 16. bxc3 a6 17. Bd3 Rfe8 18. Bg5 Nd7 19. Bc4 Nf8 20. Bd5 Ne6 21. Bd2
Rad8 22. Rac1 Qe7 23. Qf5 Qh4 24. Qf3 h6 25. Na1 Rd7 26. Nc2 Ng5 27. Bxg5 Qxg5
28. Ne3 Bxe3 29. Qxe3 Qxe3 30. fxe3 Kf8 31. Rf1 f6 32. Rb1 Red8 33. Rb6 Ke7 34.
Rfb1 Na5 35. R1b4 Nc6 36. Bxc6 Rd1+ 37. Kh2 bxc6 38. Rxc6 R1d3 39. Rb7+ R8d7
40. Rxd7+ Kxd7 41. Rxa6 Rxc3 42. Ra7+ Ke6 43. Rxg7 Ra3 44. Rh7 Rxa2 45. Rxh6
Re2 46. Rh4 Rxe3 47. Rg4 Ra3 48. h4 Ra8 49. Kh3 Rh8 50. Rg3 Rh6 51. Ra3 Kf7 52.
g4 Kg6 53. Ra7 Rh8 54. Kg3 Rb8 55. Ra3 Rb4 56. Kf3 Rb1 57. Kg2 Rb2+ 1/2-1/2

[Event "43. Olimpiada Batumi 2018 Femenina"]
[Site "Batumi GEO"]
[Date "2018.10.01"]
[Round "7.2"]
[White "Efentakis, Katina"]
[Black "Rovira Contreras, Tairu Manuela"]
[Result "0-1"]
[WhiteElo "1451"]
[BlackElo "2033"]
[PlyCount "108"]
[EventDate "2018.09.24"]
[EventType "team-swiss"]
[EventRounds "11"]
[EventCountry "GEO"]
[SourceTitle "Ajedrez en Madrid"]
[Source "lmi"]
[SourceDate "2018.09.24"]
[WhiteTeam "Mozambique"]
[BlackTeam "Venezuela"]
[WhiteTeamCountry "MOZ"]
[BlackTeamCountry "VEN"]

1. e4 e5 2. Nf3 Nc6 3. Bc4 Nf6 4. d3 Bc5 5. O-O O-O 6. Bg5 h6 7. Bh4 Be7 8. Nc3
d6 9. h3 Na5 10. Nd2 c6 11. a3 Nxc4 12. Nxc4 Be6 13. Ne3 d5 14. Bxf6 Bxf6 15.
exd5 cxd5 16. Ng4 Rc8 17. Nxf6+ Qxf6 18. Qe2 Qg5 19. Rac1 Rfd8 20. Qe3 Qg6 21.
Ne2 Qg5 22. Qxg5 hxg5 23. f3 d4 24. g4 Rc6 25. Ng3 Rb6 26. Rb1 Ba2 27. Rbc1
Rxb2 28. Rfe1 f6 29. Ne4 Bd5 30. Kf2 Ra2 31. Re2 Rxa3 32. Ng3 Rc8 33. Nf5 Kf8
34. Nd6 Rc5 35. Rb1 b6 36. Ne4 Rc6 37. Rb5 Be6 38. Rb2 Bd5 39. Nd2 Ra1 40. Rb1
Ra2 41. Ne4 Rcxc2 42. Rxc2 Rxc2+ 43. Kg3 Bxe4 44. fxe4 Rc3 45. Rd1 a5 46. Kf2
Ke7 47. Ke2 Kd6 48. Kd2 b5 49. Rb1 Kc5 50. Rb2 a4 51. Ra2 a3 52. Rc2 b4 53.
Rxc3+ dxc3+ 54. Kc2 a2 0-1

[Event "43. Olimpiada Batumi 2018 Femenina"]
[Site "Batumi GEO"]
[Date "2018.10.01"]
[Round "7.3"]
[White "Patino Garcia, Corals"]
[Black "Jefo, Suzete Vicente"]
[Result "1-0"]
[WhiteElo "2023"]
[BlackElo "1379"]
[PlyCount "77"]
[EventDate "2018.09.24"]
[EventType "team-swiss"]
[EventRounds "11"]
[EventCountry "GEO"]
[SourceTitle "Ajedrez en Madrid"]
[Source "lmi"]
[SourceDate "2018.09.24"]
[WhiteTeam "Venezuela"]
[BlackTeam "Mozambique"]
[WhiteTeamCountry "VEN"]
[BlackTeamCountry "MOZ"]

1. d4 d5 2. c4 Nf6 3. Nc3 Bf5 4. Bg5 e6 5. e3 Be7 6. Bxf6 Bxf6 7. cxd5 exd5 8.
Qb3 b6 9. Nxd5 Be6 10. Nxf6+ Qxf6 11. Qc2 c6 12. Nf3 O-O 13. Bd3 g6 14. O-O Rc8
15. Qe2 Nd7 16. Rfd1 c5 17. Ba6 Rd8 18. d5 Bg4 19. h3 Bxf3 20. gxf3 Qf5 21. Kg2
Qg5+ 22. Kh2 Nf6 23. f4 Qh4 24. Qf3 Rd6 25. Rac1 Rad8 26. Bb7 h5 27. Bc6 Kh8
28. e4 g5 29. e5 g4 30. Qg3 Qxg3+ 31. fxg3 R6d7 32. exf6 Rd6 33. Re1 Rxf6 34.
Re5 Rh6 35. h4 Kh7 36. Rce1 Rf6 37. Rxh5+ Kg6 38. Rg5+ Kh6 39. Rxg4 1-0

[Event "43. Olimpiada Batumi 2018 Femenina"]
[Site "Batumi GEO"]
[Date "2018.10.01"]
[Round "7.4"]
[White "Sitoe, Sheila"]
[Black "Alvarado Arcila, Marvia Josefina"]
[Result "0-1"]
[WhiteElo "1425"]
[BlackElo "1956"]
[PlyCount "111"]
[EventDate "2018.09.24"]
[EventType "team-swiss"]
[EventRounds "11"]
[EventCountry "GEO"]
[SourceTitle "Ajedrez en Madrid"]
[Source "lmi"]
[SourceDate "2018.09.24"]
[WhiteTeam "Mozambique"]
[BlackTeam "Venezuela"]
[WhiteTeamCountry "MOZ"]
[BlackTeamCountry "VEN"]

1. e4 g6 2. Nf3 Bg7 3. Bc4 d6 4. d3 Nf6 5. O-O O-O 6. Re1 Nbd7 7. Nc3 c6 8. Qd2
b5 9. Bb3 Qc7 10. Qg5 a6 11. a3 e5 12. Qh4 Bb7 13. Bg5 h5 14. h3 Nh7 15. Qg3
Nc5 16. Ba2 Bc8 17. b4 Ne6 18. Bd2 Qe7 19. Re2 Nf4 20. Ree1 Be6 21. Ne2 Nxe2+
22. Rxe2 Bxa2 23. Rxa2 Rfe8 24. Be3 a5 25. c3 axb4 26. cxb4 Ra6 27. Rec2 Rea8
28. Rc3 Qe6 29. Ra1 Nf8 30. Ng5 Qd7 31. Nf3 Ra4 32. Ra2 Rxb4 33. Bd2 Rba4 34.
Bc1 b4 35. Rc4 d5 36. exd5 cxd5 37. Rc5 Ne6 38. Nxe5 Qd6 39. Rb5 Bxe5 40. Qf3
Nd4 41. Qxd5 Qxd5 42. Rxd5 Bg7 43. Bb2 Ne2+ 44. Kf1 Nc3 45. Bxc3 Bxc3 46. Rb5
Rxa3 47. Rc2 Ra1+ 48. Ke2 Re1+ 49. Kf3 Rd8 50. Rxc3 bxc3 51. Rc5 Rxd3+ 52. Kf4
Re2 53. Kg5 Kg7 54. g4 f6+ 55. Kh4 g5+ 56. Kxh5 0-1

[Event "43. Olimpiada Batumi 2018 Femenina"]
[Site "Batumi GEO"]
[Date "2018.10.01"]
[Round "7.1"]
[White "Maksimovic, Masa"]
[Black "Caruana Pulpan, Oana"]
[Result "1-0"]
[WhiteElo "2130"]
[BlackElo "1863"]
[PlyCount "127"]
[EventDate "2018.09.24"]
[EventType "team-swiss"]
[EventRounds "11"]
[EventCountry "GEO"]
[SourceTitle "Ajedrez en Madrid"]
[Source "lmi"]
[SourceDate "2018.09.24"]
[WhiteTeam "Bosnia & Herzegovina"]
[BlackTeam "Malta"]
[WhiteTeamCountry "BIH"]
[BlackTeamCountry "MLT"]

1. e4 c5 2. Nf3 Nc6 3. d4 cxd4 4. Nxd4 Nf6 5. Nc3 g6 6. Nxc6 dxc6 7. Qxd8+ Kxd8
8. e5 Nd5 9. Nxd5 cxd5 10. Bd3 Bf5 11. Bxf5 gxf5 12. Be3 e6 13. O-O-O b5 14.
Rhg1 h5 15. Rd3 Rg8 16. Bd4 Be7 17. Rh3 h4 18. f3 Kd7 19. g3 hxg3 20. hxg3 Rg7
21. Rgh1 a6 22. Bf2 a5 23. Rh7 Rag8 24. Rxg7 Rxg7 25. Rh8 Bd8 26. Kd2 Bc7 27.
f4 Kc6 28. Ke2 Kd7 29. Kf3 Kc6 30. Be1 Kb7 31. a3 Kc6 32. b3 Kb7 33. Bd2 Bb6
34. Bc3 Kc6 35. Bb2 Kb7 36. a4 bxa4 37. bxa4 Bc5 38. c3 Be7 39. Bc1 Bc5 40. Kg2
Kc7 41. Bd2 Kb7 42. Be1 Bb6 43. Kh3 Kc6 44. Kg2 Be3 45. Kf3 Bb6 46. Ke2 Ba7 47.
Kd3 Bb6 48. c4 dxc4+ 49. Kxc4 Bc7 50. Rh2 Bb6 51. Rd2 Bc7 52. Rb2 Rg8 53. Rb5
Ra8 54. Rc5+ Kd7 55. Kd3 Bb6 56. Rb5 Kc6 57. Kc4 Ra7 58. Rxb6+ Kxb6 59. Bf2+
Kb7 60. Bxa7 Kxa7 61. Kb5 Kb7 62. Kxa5 Kc6 63. Kb4 Kb6 64. a5+ 1-0

[Event "43. Olimpiada Batumi 2018 Femenina"]
[Site "Batumi GEO"]
[Date "2018.10.01"]
[Round "7.2"]
[White "Farrugia, Jamie"]
[Black "Jacimovic, Sara"]
[Result "0-1"]
[WhiteElo "1582"]
[BlackElo "1960"]
[PlyCount "118"]
[EventDate "2018.09.24"]
[EventType "team-swiss"]
[EventRounds "11"]
[EventCountry "GEO"]
[SourceTitle "Ajedrez en Madrid"]
[Source "lmi"]
[SourceDate "2018.09.24"]
[WhiteTeam "Malta"]
[BlackTeam "Bosnia & Herzegovina"]
[WhiteTeamCountry "MLT"]
[BlackTeamCountry "BIH"]

1. e4 e5 2. Nf3 Nc6 3. Bc4 Bc5 4. c3 Nf6 5. d3 d6 6. Be3 Bb6 7. O-O O-O 8. Nbd2
h6 9. d4 Bg4 10. d5 Ne7 11. h3 Bd7 12. Nh2 g5 13. Qf3 Ng6 14. Be2 Kg7 15. a4 c6
16. Nc4 Bc7 17. Bd3 Nh4 18. Qe2 cxd5 19. exd5 Qc8 20. Nf3 e4 21. Nxh4 exd3 22.
Qxd3 gxh4 23. Qd4 Rh8 24. Qxh4 Nxd5 25. Bd4+ Kh7 26. Qe4+ Bf5 27. Qxd5 Be6 28.
Qe4+ f5 29. Qd3 Rg8 30. Rae1 Rg6 31. Re3 Qg8 32. Rg3 Bxc4 33. Qxf5 Rf8 34. Qd7+
Rf7 35. Rxg6 Qxg6 36. Qe8 Rg7 37. Qxg6+ Rxg6 38. Re1 Re6 39. Rxe6 Bxe6 40. f3
a5 41. Kf1 Bb3 42. Ke2 Bxa4 43. f4 d5 44. f5 Bc2 45. g4 Bd8 46. Be3 Be4 47. Kf2
Bh4+ 48. Kg1 a4 49. Kf1 Bf3 50. Kg1 h5 51. g5 Be4 52. f6 Kg6 53. Kf1 Bf5 54.
Kg2 Be6 55. Bd2 Bxg5 56. Bxg5 Kxg5 57. Kg3 h4+ 58. Kf3 Kxf6 59. Kg2 Ke5 0-1

[Event "43. Olimpiada Batumi 2018 Femenina"]
[Site "Batumi GEO"]
[Date "2018.10.01"]
[Round "7.3"]
[White "Mahmutbegovic, Nadina"]
[Black "Psaila, Uranchimeg"]
[Result "1-0"]
[WhiteElo "1946"]
[BlackElo "1446"]
[PlyCount "61"]
[EventDate "2018.09.24"]
[EventType "team-swiss"]
[EventRounds "11"]
[EventCountry "GEO"]
[SourceTitle "Ajedrez en Madrid"]
[Source "lmi"]
[SourceDate "2018.09.24"]
[WhiteTeam "Bosnia & Herzegovina"]
[BlackTeam "Malta"]
[WhiteTeamCountry "BIH"]
[BlackTeamCountry "MLT"]

1. e4 e6 2. d3 c5 3. g3 g6 4. Bg2 Bg7 5. Nc3 Nc6 6. Nge2 Nge7 7. O-O O-O 8. Be3
d6 9. Qd2 a6 10. Bh6 b6 11. Bxg7 Kxg7 12. d4 e5 13. dxe5 dxe5 14. Nd5 Rb8 15.
Rad1 Be6 16. f4 f6 17. Qe3 Qc8 18. fxe5 fxe5 19. Rxf8 Qxf8 20. Rf1 Qg8 21. Nxe7
Nxe7 22. Qg5 Nc6 23. Qf6+ Kh6 24. Nc3 Bd7 25. Nd5 Qd8 26. Qd6 Nd4 27. Qxe5 Nxc2
28. Rf7 Bb5 29. Qg7+ Kg5 30. h4+ Kg4 31. Qe5 1-0

[Event "43. Olimpiada Batumi 2018 Femenina"]
[Site "Batumi GEO"]
[Date "2018.10.01"]
[Round "7.4"]
[White "Stagno, Milena"]
[Black "Tomic, Vladanka"]
[Result "1/2-1/2"]
[WhiteElo "1388"]
[BlackElo "1862"]
[PlyCount "84"]
[EventDate "2018.09.24"]
[EventType "team-swiss"]
[EventRounds "11"]
[EventCountry "GEO"]
[SourceTitle "Ajedrez en Madrid"]
[Source "lmi"]
[SourceDate "2018.09.24"]
[WhiteTeam "Malta"]
[BlackTeam "Bosnia & Herzegovina"]
[WhiteTeamCountry "MLT"]
[BlackTeamCountry "BIH"]

1. e4 e5 2. Nf3 Nc6 3. d4 exd4 4. Nxd4 Bc5 5. Nxc6 Qf6 6. Qd2 Qxc6 7. Nc3 Ne7
8. Bd3 O-O 9. O-O a6 10. Nd5 Nxd5 11. exd5 Qf6 12. Qf4 Qxf4 13. Bxf4 d6 14. b3
Bb4 15. c4 Re8 16. Rad1 Bg4 17. f3 Bd7 18. Bd2 Bc5+ 19. Kh1 a5 20. Rde1 b6 21.
Bc3 Re3 22. Rxe3 Bxe3 23. Re1 Re8 24. Bc2 Bf2 25. Rxe8+ Bxe8 26. g3 f6 27. Kg2
Be3 28. Kf1 Bh5 29. g4 Be8 30. h3 Bd7 31. Ke2 Bf4 32. Kf2 h5 33. Bg6 hxg4 34.
hxg4 Kf8 35. Ke2 Ke7 36. Kd1 Be3 37. Ke2 Bf4 38. Kd1 Be3 39. Ke2 Bc1 40. Kd3
Bh6 41. Ke4 Bc1 42. Kd3 Ba3 1/2-1/2

[Event "43. Olimpiada Batumi 2018 Femenina"]
[Site "Batumi GEO"]
[Date "2018.10.01"]
[Round "7.1"]
[White "Ayiku, Angela Naa Amerley"]
[Black "Omurbekova, Diana"]
[Result "0-1"]
[WhiteElo "1439"]
[BlackElo "1877"]
[PlyCount "176"]
[EventDate "2018.09.24"]
[EventType "team-swiss"]
[EventRounds "11"]
[EventCountry "GEO"]
[SourceTitle "Ajedrez en Madrid"]
[Source "lmi"]
[SourceDate "2018.09.24"]
[WhiteTeam "Ghana"]
[BlackTeam "Kyrgyzstan"]
[WhiteTeamCountry "GHA"]
[BlackTeamCountry "KGZ"]

1. e4 g6 2. Nf3 Bg7 3. Bc4 d6 4. Ng5 e6 5. d4 d5 6. exd5 exd5 7. Bb3 Qe7+ 8.
Qe2 Qxe2+ 9. Kxe2 Ne7 10. Nc3 c6 11. Rd1 O-O 12. Kf1 h6 13. Nf3 Bg4 14. Re1 Be6
15. Ne5 Re8 16. Bd2 Nf5 17. Ne2 Nd7 18. Nxd7 Bxd7 19. c3 h5 20. Bc2 Rac8 21.
Rad1 Nd6 22. Ng1 Nc4 23. Bc1 Bf8 24. h3 Kg7 25. Bd3 Nd6 26. Nf3 Bf5 27. Bxf5
Nxf5 28. g4 hxg4 29. hxg4 Nd6 30. Kg2 Re4 31. Rxe4 Nxe4 32. Rh1 Be7 33. Bh6+
Kf6 34. Ne5 Rd8 35. f3 Nd6 36. f4 Ke6 37. Re1 Ne4 38. f5+ gxf5 39. gxf5+ Kxf5
40. Rf1+ Ke6 41. Rxf7 c5 42. Rg7 cxd4 43. cxd4 Rc8 44. Nd3 Kf6 45. Kf3 Rh8 46.
Bf4 Kxg7 47. Be5+ Kg8 48. Bxh8 Kxh8 49. Nf4 Bd6 50. Nxd5 Nd2+ 51. Ke2 Nc4 52.
b3 Na5 53. Nc3 Nc6 54. d5 Ne5 55. Ke3 Kg7 56. Nb5 Bc5+ 57. Ke4 Kf6 58. Nc7 Nf7
59. Ne6 Nd6+ 60. Kf4 Ba3 61. Nc7 Bc1+ 62. Kf3 Ke5 63. Ke2 Ba3 64. Kd3 Bc5 65.
Kc3 Bb6 66. Na8 Bd8 67. b4 Kxd5 68. a4 Kc6 69. Kd4 Bf6+ 70. Kd3 b6 71. Nxb6
Kxb6 72. Kc2 Nc4 73. Kb3 Ne3 74. Ka3 Be7 75. Kb3 Nd5 76. Kc4 Nxb4 77. Kb3 Ka5
78. Ka3 Nd3+ 79. Kb3 Nc5+ 80. Ka3 Nxa4+ 81. Kb3 Kb5 82. Ka2 Kb4 83. Kb1 Kb3 84.
Ka1 Bf6+ 85. Kb1 Nc3+ 86. Ka1 Nb5+ 87. Kb1 a5 88. Kc1 a4 0-1

[Event "43. Olimpiada Batumi 2018 Femenina"]
[Site "Batumi GEO"]
[Date "2018.10.01"]
[Round "7.2"]
[White "Zairbek kyzy, Begimay"]
[Black "Benson, Maud"]
[Result "1-0"]
[WhiteElo "1770"]
[BlackElo "1334"]
[PlyCount "80"]
[EventDate "2018.09.24"]
[EventType "team-swiss"]
[EventRounds "11"]
[EventCountry "GEO"]
[SourceTitle "Ajedrez en Madrid"]
[Source "lmi"]
[SourceDate "2018.09.24"]
[WhiteTeam "Kyrgyzstan"]
[BlackTeam "Ghana"]
[WhiteTeamCountry "KGZ"]
[BlackTeamCountry "GHA"]

1. e4 e5 2. Nf3 Nc6 3. Nc3 d6 4. Bc4 Bg4 5. h3 Bh5 6. d3 Nf6 7. Bg5 h6 8. Be3
g5 9. Qd2 Bxf3 10. gxf3 Qd7 11. h4 g4 12. f4 h5 13. Bb5 a6 14. fxe5 dxe5 15.
Ba4 Qe6 16. O-O-O Bb4 17. a3 Ba5 18. Qe1 O-O-O 19. b4 Nxb4 20. axb4 Bxb4 21.
Bb3 Qc6 22. Bd2 Ba3+ 23. Kb1 Nd7 24. Nd5 Qb5 25. Bb4 Bxb4 26. Qxb4 Qxb4 27.
Nxb4 c5 28. Nd5 Rhf8 29. Rdf1 Kb8 30. Rhg1 f5 31. exf5 Rxf5 32. Ne3 Rf3 33. Bd5
Rf4 34. Ng2 Rb4+ 35. Kc1 Nf6 36. Bf7 Rdd4 37. c3 Rxd3 38. cxb4 cxb4 39. Ne3 b5
40. Rd1 Rc3+ 1-0

[Event "43. Olimpiada Batumi 2018 Femenina"]
[Site "Batumi GEO"]
[Date "2018.10.01"]
[Round "7.3"]
[White "Felix, Tobi"]
[Black "Momunalieva, Shaadat"]
[Result "0-1"]
[WhiteElo "1468"]
[BlackElo "1594"]
[PlyCount "56"]
[EventDate "2018.09.24"]
[EventType "team-swiss"]
[EventRounds "11"]
[EventCountry "GEO"]
[SourceTitle "Ajedrez en Madrid"]
[Source "lmi"]
[SourceDate "2018.09.24"]
[WhiteTeam "Ghana"]
[BlackTeam "Kyrgyzstan"]
[WhiteTeamCountry "GHA"]
[BlackTeamCountry "KGZ"]

1. d4 d5 2. Bf4 Nf6 3. e3 c6 4. c3 e6 5. Nf3 Nbd7 6. Nbd2 Be7 7. h3 c5 8. Rc1
b6 9. Bd3 Bb7 10. O-O O-O 11. Re1 Ne4 12. Qc2 f5 13. Ne5 Rc8 14. Ndf3 Nxe5 15.
Nxe5 Bh4 16. Bxe4 fxe4 17. Qe2 Qe7 18. Qg4 Rf5 19. Rf1 Ba6 20. Rfe1 Kh8 21. Rc2
Bf6 22. a3 Bxe5 23. Bxe5 Bd3 24. Rd2 Rg5 25. Qd1 Rf8 26. f4 exf3 27. Rf2 Be4
28. Bg3 Rxg3 0-1